000 00383nam a22001337a 4500
003 OSt
005 20251121143321.0
008 251121b |||||||| |||| 00| 0 eng d
020 _a978-1-4263-1121-5
040 _aDWC-Main lib.
_cOC
245 _aNational geographic kids almanac 2014/
260 _aWashington, DC :
_bNational Geographic Society,
_cc2014.
942 _2ddc
_cGR
_hGR.
_n0
999 _c6009
_d6009